| 000 | 00620nam a2200217 i 4500 | ||
|---|---|---|---|
| 001 | 137840 | ||
| 003 | ES-MaACL | ||
| 005 | 20251011063138.0 | ||
| 007 | t| | ||
| 008 | 070214s1953 sp a |||| | spa d | ||
| 100 | 1 |
_aSaló, Antonio, _d1885-1950 _9165715 |
|
| 245 | 1 | 0 |
_aManual de perspectiva / _cA. Saló. |
| 250 | _a2ª ed. | ||
| 260 |
_aBarcelona : _bSintes, _c1953. |
||
| 300 |
_a188 p. : _bil. ; _c18 cm. |
||
| 490 | 1 | _aSelecta enciclopedia práctica | |
| 650 | 0 | 4 |
_aPerspectiva. _915981 |
| 830 | 0 |
_aSelecta enciclopedia práctica _9181339 |
|
| 852 |
_aES-MaACL _jC-8850 |
||
| 999 |
_c137840 _d137840 |
||